Statistiques concernant Culture Générale - Série 1243

Cliquez ici pour prendre le quiz!

Statistiques générales

  • Ce quiz a été pris 45 fois
  • Le résultat moyen est 7 sur 10

Statistiques - réponses

QuestionRéponse% Correct
À partir de quelle céréale sont fabriqués les corn flakes ?maïs
93%
Comme son nom l'indique, sur quelle île est né le héros de BD : Corto Maltese ?Malte
87%
Quelle danse andalouse, dont le nom signifierait "flamand", est typique du folklore espagnol ?flamenco
87%
Quel mot japonais désigne une bande dessinée japonaise ?manga
87%
Dans une bande dessinée célèbre, qui est le compagnon de Fantasio ?Spirou
82%
Quel mot désigne à la fois une personne aux aptitudes inventives supérieures et la créature qui habite la lampe merveilleuse d'Aladin ?génie
80%
A quel insecte carnassier compare-t-on une femme "mangeuse d'hommes" ?mante religieuse
76%
Au golf, combien de clubs appelés "fers" sont numérotés ?9
71%
Dans la série télévisée "Dallas", quel est le prénom du frère de J.R. ?Bobby
47%
Dans la série télé "La Petite Maison dans la prairie", quel est le prénom de la femme de Charles Ingalls ?Caroline
27%

Distribution des résultats

Percentile par nombre de réponses

% des personnes avec chaque résultat

Votre développement - résultats

Vous n’avez pas pris ce quiz